Sports Quiz

Random Sports or Golf Quiz

'D' Sporting Brits Quiz Stats

Quiz not verified by Sporcle

Also try: 'C' Sporting Brits
Challenge
Share
Tweet
Score 0/18 Timer 05:00
0 Plays Today
% Correct
Tom Daley
90%
Steve Davis
86.7%
Jermain Defoe
85.1%
Christopher Dean
81%
Matt Dawson
74.3%
Kenny Dalglish
71%
Sharron Davies
66.9%
Lawrence Dallaglio
66.4%
Laura Davies
59.6%
% Correct
Luke Donald
54.5%
Graeme Dott
50.1%
James DeGale
48%
Joe Davis
43.4%
Dixie Dean
35.8%
Charlotte Dujardin
30.1%
Marlon Devonish
27.1%
Luol Deng
26%
Joey Dunlop
19%

You're not logged in!

Compare scores with friends on all Sporcle quizzes.
Sign Up with Email
OR
Log In

You Might Also Like...

Show Comments

Extras

Top Quizzes Today


Score Distribution

Your Account Isn't Verified!

In order to create a playlist on Sporcle, you need to verify the email address you used during registration. Go to your Sporcle Settings to finish the process.